| 000 | 00746nam a2200253 i 4500 | ||
|---|---|---|---|
| 001 | 000022040 | ||
| 003 | DO-SdBNP | ||
| 005 | 20240104102338.0 | ||
| 007 | ta | ||
| 008 | 100916s1994 dr r 000 0 spa d | ||
| 040 |
_aDO-SdBNP _bspa _cBNPHU _erda |
||
| 082 |
_bP421p _222 |
||
| 100 | 1 |
_aPepén, Juan F. _q (Juan Felix) _913174 _d1920-2007 |
|
| 245 | 1 | 0 |
_aPrincipios de moral profesional / _cJuan F. Pepén. |
| 264 | 1 |
_aSanto Domingo : _bEdiciones MSC, _c1994. |
|
| 300 |
_a264 páginas _c23 cm. |
||
| 336 |
_2rdacontent _atexto _btxt |
||
| 337 |
_2rdamedia _asin mediación _bn |
||
| 338 |
_2rdacarrier _avolumen _bnc |
||
| 504 | _aBibliografía : p. 259-261 | ||
| 590 | _aInventariado, 2024/ YL | ||
| 910 | _aYLockward | ||
| 942 |
_2ddc _cLBS1 |
||
| 999 |
_c21538 _d21538 |
||